| 000 | 00000cam 2200000za 4500 |
| 001 | 9.845093 |
| 003 | CaOODSP |
| 005 | 20260105075143 |
| 007 | cr ||||||||||| |
| 008 | 171004s2018 oncak ob f000 0 eng d |
| 020 | |a9780660204871 |
| 040 | |aCaOODSP|beng |
| 043 | |an-cn--- |
| 086 | 1 |aM154-122/2018E-PDF |
| 245 | 00|aPhotovoltaic ready guidelines |h[electronic resource]. |
| 250 | |aVersion 1.0. |
| 260 | |a[Ottawa] : |bNatural Resources Canada, |cc2018. |
| 300 | |ai, 20 p. : |bforms, ill. |
| 500 | |aIssued also in French under title: Prêt pour le photovoltaïque : lignes directrices. |
| 500 | |aCover title. |
| 500 | |aAt head of title: CanmetENERGY, leadership in ecoInnovation. |
| 504 | |aIncludes bibliographical references (p. 16). |
| 520 | |a"The Photovoltaic (PV) Ready Guidelines document describes design considerations and specifies modifications builders can make to new attached and detached homes in preparation for the installation of a future photovoltaic system. The design considerations and modifications include the following elements: on the roof, PV conduit installation and termination, wall space, electrical panel rating and network communications. Structural loading considerations are discussed in the Guidelines"--Introd., p. 1. |
| 692 | 07|2gccst|aHousing |
| 692 | 07|2gccst|aDesign |
| 693 | 4|aBuilding-integrated photovoltaic systems |
| 710 | 1 |aCanada. |bEnergy Technology Branch. |
| 775 | 08|tPrêtes pour le photovoltaïque |w(CaOODSP)9.845096 |
| 794 | |tPhotovoltaic ready : |b[2019]|w(CaOODSP)9.875966 |
| 856 | 40|qPDF|s2.46 MB|uhttps://publications.gc.ca/collections/collection_2018/rncan-nrcan/M154-122-2018-eng.pdf |